000 00288nam a22001337a 4500
008 170713b xxu||||| |||| 00| 0 eng d
020 _a9780131826250
041 _aeng
080 _a17
100 _a24
101 _aFIL
245 _aETHICS IN AMERICA
_cNEWTON.L.H
942 _2udc
_cBK
999 _c20536
_d20536